Catálogo de la Biblioteca Horacio González - Universidad Nacional de General Sarmiento

El texto narrativo : (Registro nro. 12472)

Detalles MARC
000 -CABECERA
campo de control de longitud fija 01529nam a22003010a 4500
001 - NÚMERO DE CONTROL
campo de control PT4608
003 - IDENTIFICADOR DEL NÚMERO DE CONTROL
campo de control AR-LpoUNG
005 - FECHA Y HORA DE LA ÚLTIMA TRANSACCIÓN
campo de control 20210131231910.0
008 - DATOS DE LONGITUD FIJA--INFORMACIÓN GENERAL
campo de control de longitud fija 191001s1991||||ag |||||||||||||||||spa d
020 ## - NÚMERO INTERNACIONAL ESTÁNDAR DEL LIBRO
Número Internacional Estándar del Libro 95090030637
Condiciones de disponibilidad $3.79
040 ## - FUENTE DE LA CATALOGACIÓN
Centro catalogador/agencia de origen AR-LpoUNG
Lengua de catalogación spa
Centro/agencia transcriptor AR-LpoUNG
Normas de descripción aacr
041 ## - CÓDIGO DE LENGUA
Código de lengua del texto/banda sonora o título independiente spa
044 ## - CÓDIGO DEL PAÍS DE LA ENTIDAD EDITORA/PRODUCTORA
Código MARC del país ag
082 0# - NÚMERO DE LA CLASIFICACIÓN DECIMAL DEWEY
Número de clasificación 410 992tex
100 1# - ENTRADA PRINCIPAL--NOMBRE DE PERSONA
Nombre de persona Muth, K. Denise
Término indicativo de función/relación comp.
245 13 - MENCIÓN DE TÍTULO
Título El texto narrativo :
Resto del título estrategias para su comprensión
250 ## - MENCIÓN DE EDICIÓN
Mención de edición 2ª edición
260 ## - PUBLICACIÓN, DISTRIBUCIÓN, ETC.
Lugar de publicación, distribución, etc. Buenos Aires :
Nombre del editor, distribuidor, etc. Aique,
Fecha de publicación, distribución, etc. 1991.
300 ## - DESCRIPCIÓN FÍSICA
Extensión 162 p. :
Otras características físicas gráfs.
520 ## - SUMARIO, ETC.
Sumario, etc. El propósito de este libro es definir y dar ejemplos de textos narrativos y describir estrategias que ayuden a los niños a comprenderlos. El libro está dividido en dos partes: a) la comprensión del texto narrativo y b) reflexiónes. La sección sobre narrativa comienza con un capítulo que reseña la investigación actual sobre el tema y comenta las implicaciones pedagógicas. A este capítulo siguen cuatro más de aplicación que describen estrategias de enseñanza. La sección Reflexiones está integrada por dos capítulos: uno trata sobre el papel que las estrategias de aprendizaje desempeñan en el proceso de la comprensión, y el otro se refiere a cuestiones y preocupaciones en torno a la enseñanza de la narración.
650 #4 - PUNTO DE ACCESO ADICIONAL DE MATERIA--TÉRMINO DE MATERIA
Término de materia o nombre geográfico como elemento de entrada LINGÜISTICA
650 #4 - PUNTO DE ACCESO ADICIONAL DE MATERIA--TÉRMINO DE MATERIA
Término de materia o nombre geográfico como elemento de entrada MEDIOS DE ENSEÑANZA
650 #4 - PUNTO DE ACCESO ADICIONAL DE MATERIA--TÉRMINO DE MATERIA
Término de materia o nombre geográfico como elemento de entrada METODOS PEDAGOGICOS
651 #4 - PUNTO DE ACCESO ADICIONAL DE MATERIA--NOMBRE GEOGRÁFICO
Nombre geográfico DOCUMENTOS TEORICOS O METODOLOGICOS
700 1# - PUNTO DE ACCESO ADICIONAL--NOMBRE DE PERSONA
Nombre de persona Stratta, Isabel
905 ## - ELEMENTOS DE DATOS E LOCAL, LDE (RLIN)
a 4608
942 ## - ELEMENTOS DE PUNTO DE ACCESO ADICIONAL (KOHA)
Tipo de ítem Koha Libro
Existencias
Estado de retiro Estado de pérdida Estado dañado No para préstamo Código de colección Localización permanente Ubicación/localización actual Fecha de adquisición Total de préstamos Signatura topográfica completa Código de barras Fecha visto por última vez Fecha del último préstamo Precio válido a partir de Tipo de ítem Koha
        Colección General Biblioteca Universidad Nacional de General Sarmiento Biblioteca Universidad Nacional de General Sarmiento 31/01/2021 1 410 992tex 00009321 03/06/2022 05/05/2022 31/01/2021 Libro